| 000 | 00715nam a2200253Ia 4500 | ||
|---|---|---|---|
| 003 | OSt | ||
| 005 | 20220918230852.0 | ||
| 006 | a|||||r|||| 00| 0 | ||
| 007 | ta | ||
| 008 | 220917b |||||||| |||| 00| 0 eng d | ||
| 024 | _a261,052 | ||
| 037 | _cTextual | ||
| 040 |
_aARTS _cARTS _beng |
||
| 041 |
_2eng _aeng |
||
| 082 | _aP111:4k, 153J8;K2 | ||
| 100 |
_aGupta Yogendra Mohan _9153425 |
||
| 245 | 0 | _aStandard Dictionary of technical terms | |
| 260 |
_aLudhiana _bSahitya Sangam P. India _c1958 |
||
| 300 |
_a204p. _ccm. |
||
| 650 | _aLINGUISTICS | ||
| 700 | _a Kartar Singh | ||
| 942 |
_hP111:4k, 153J8;K2 _cTEXL _2CC |
||
| 999 |
_c289187 _d289187 |
||